| 000 | 00708nam a22002055i 4500 | ||
|---|---|---|---|
| 001 | 172113 | ||
| 003 | ES-MaACL | ||
| 005 | 20230906214823.0 | ||
| 008 | 090615s1966 sp |||| | spa d | ||
| 080 | _a946.71"14" | ||
| 080 | _a929.7(46) | ||
| 100 | 1 |
_aSobrequés i Vidal, Santiago. _9106999 |
|
| 245 | 1 | 3 |
_aLa alta nobleza del Norte en la guerra civil catalana de 1462-1472 / _cSantiago Sobrequés i Vidal. |
| 260 |
_aZaragoza : _bInstitución "Fernando el Católico", _c1966. |
||
| 300 |
_a174 p. ; _c24 cm. |
||
| 650 | 1 | 4 |
_aNobleza- _xEspaña. _915578 |
| 651 | 4 |
_aCataluña- _xHistoria- _yS.XV. _9140689 |
|
| 710 | 2 |
_aInstitución "Fernando el Católico" _94721 |
|
| 852 |
_aES-MaACL _jC-30919 _9R.61607 |
||
| 999 |
_c172113 _d172113 |
||